Statystyki dla Jan-Rapowanie - Plansze

Kliknij tutaj aby rozwiązać quiz!

Ogólne statystyki

  • Ten quiz został rozwiązany 17 razy
  • Średni wynik to 7 z 14

Statystyki odpowiedzi

NumerUtwór% Poprawnych
10Chemia(skit)
75%
11Wybory
75%
8Milenium sport
63%
4Ruchy
63%
5układanka
63%
9Wszystko OK
63%
1012
50%
7Potrzeby
50%
12Słowo na koniec
50%
3Zaczekaj przed drzwiami
50%
6Co tam
38%
2Jutro
38%
14Ludzie zdarzenia
13%
13Szanse
13%

Rozkład punktacji

Percentyl według liczby udzielonych odpowiedzi

Procent ludzi z każdym wynikiem

Twoja historia wyników

Nie rozwiązałeś tego quizu